02344cam a22004694i 4500003000900000005001700009008004100026020001500067035002700082040003300109049000900142082002100151245007600172264002800248300003800276336002100314337002500335338002300360490003700383505073300420526001001153526001001163526001001173526001001183526000801193526000801201526000801209526000801217526000801225526000801233526000801241650002601249650002901275700002601304942001401330949013001344994001401474596000601488999015601494980005501650952016901705PE-LiUPU20250731173136.0150623s r 000 0 d a9966888373 a(Sirsi) i9789966888372 aPE-LiUPUbspacPE-LiUPUerda aPRUA04a241.096bM5322100aMoral and ethical issues in African christianity /cJ.N.K. Mugambi, ed. 1aNairobi, Kenya :b1999. a233 páginas ;c21 centímetros atext2rdacontent aunmediated2rdamedia avolume2rdacarrier0 aAfrican christianity series ;v30 aThe problems of teaching ethics in African Christianity. Social ethics: a christocentric perspective. The biblical mandate for social transformation: a feminist perspective. Material things in African society: implications for christianity ethics. Material things in comtemporary African society. African morality: past and present. Changing morals in Africa. Morality in public life. Tribalism as a moral problem in contemporary Africa. African women and morality. Child abuse and Neglect: an African moral question. Who is my neighbour? A Christian response to refugees and the displaced in Africa. Ammesty in Africa: ethical aberration or useful public policy instrument?. Aids and survival in Africa: a tentative reflection. aSEG42 aSEG41 aSEG40 aSEG39 aP94 aP87 aP86 aP85 aP77 aP76 aP3504aCristianismozAfrica.04aEtica cristianazAfrica.1 aMugambi, J.N.K.,eed. 2ddccBOOK a241.096 M53wDEWEYc1i52303lCCODEBUL1mBULp5.00r0sYtBOOKu2015-6-24xTEOLOGIAPP350COMPRAo.STAFF. Colección General aC0bPEPRU a1 a241.096 M53wDEWEYc34122i52303f2021-11-10g6lCCODEBUL1mBULp5.00r0sYtBOOKu2015-6-24xTEOLOGIAPP350COMPRAo.STAFF. Colección Generald34122 81gALBERTO SANCHEZ Responsable de Automatización r2025-12-03 00:00:00i7l0o241.096 M53p52303te1v10.00w2015-06-24xFTyBKzinventario-2023-12-13102ddc50708GENfP35aBULbBULcGENd2015-06-24eCOMPRAg5.00